000 00754nam a22002417a 4500
003 UA-OsUOA
001 126760
007 ta
008 20171106b un ||||| |||| 00| 0 ukr d
100 _aІванов С. М.
700 _aКлименко К. В.
700 _aСавостьяненко М. В.
090 _a330(477)
_bИ99
942 _cSA
040 _aUA-OsUOA
_bukr
_cUA-OsUOA
_dUA-OsUOA
245 _aАктуальні питання реалізації програм фінансової допомоги ЄС в Україні
300 _aС.87-112
955 _a0
041 _aukr
080 _a330(477)
773 0 _w126755
_tФінанси України
_dК.
_d2017
_g9
650 7 _a330 Економіка взагалі
_2UDC
999 _c414297
_d414297